International environmental law / (Record no. 430)
| 000 -LEADER | |
|---|---|
| fixed length control field | 00913cam a2200265 a 4500 |
| 001 - CONTROL NUMBER | |
| control field | 11814704 |
| 003 - CONTROL NUMBER IDENTIFIER | |
| control field | OSt |
| 005 - DATE AND TIME OF LATEST TRANSACTION | |
| control field | 20140116120827.0 |
| 008 - FIXED-LENGTH DATA ELEMENTS--GENERAL INFORMATION | |
| fixed length control field | 991020s2000 nyu b 001 0 eng |
| 010 ## - LIBRARY OF CONGRESS CONTROL NUMBER | |
| LC control number | 99053927 |
| 020 ## - INTERNATIONAL STANDARD BOOK NUMBER | |
| International Standard Book Number | 9781571053091 |
| 040 ## - CATALOGING SOURCE | |
| Original cataloging agency | DLC |
| Transcribing agency | DLC |
| Modifying agency | DLC |
| 050 00 - LIBRARY OF CONGRESS CALL NUMBER | |
| Classification number | K3585K57 2004 |
| 100 1# - MAIN ENTRY--PERSONAL NAME | |
| Personal name | Kiss, Alexandre Charles, |
| Dates associated with a name | 1925- |
| 245 10 - TITLE STATEMENT | |
| Title | International environmental law / |
| Statement of responsibility, etc | Alexandre Kiss and Dinah Shelton. |
| 250 ## - EDITION STATEMENT | |
| Edition statement | 3rd ed. |
| 260 ## - PUBLICATION, DISTRIBUTION, ETC. (IMPRINT) | |
| Place of publication, distribution, etc | Ardseley, N.Y. : |
| Name of publisher, distributor, etc | Transnational Publishers, |
| Date of publication, distribution, etc | 2004. |
| 300 ## - PHYSICAL DESCRIPTION | |
| Extent | lxv, 837 p. |
| 504 ## - BIBLIOGRAPHY, ETC. NOTE | |
| Bibliography, etc | Includes bibliographical references and index. |
| 650 #0 - SUBJECT ADDED ENTRY--TOPICAL TERM | |
| Topical term or geographic name as entry element | Environmental law, International. |
| 700 1# - ADDED ENTRY--PERSONAL NAME | |
| Personal name | Shelton, Dinah. |
| 906 ## - LOCAL DATA ELEMENT F, LDF (RLIN) | |
| a | 7 |
| b | cbc |
| c | orignew |
| d | 1 |
| e | ocip |
| f | 19 |
| g | y-gencatlg |
| 942 ## - ADDED ENTRY ELEMENTS (KOHA) | |
| Source of classification or shelving scheme | |
| Koha item type | Book |
| Withdrawn status | Lost status | Source of classification or shelving scheme | Damaged status | Not for loan | Home library | Current library | Date acquired | Source of acquisition | Total Checkouts | Total Renewals | Full call number | Barcode | Date last seen | Date checked out | Copy number | Price effective from | Koha item type |
|---|---|---|---|---|---|---|---|---|---|---|---|---|---|---|---|---|---|
| Riara University Library | Riara University Library | 19/10/2011 | Purchase | 7 | 1 | K3585K57 2004 | 841/11 | 22/08/2023 | 22/08/2023 | C.1 | 19/10/2011 | Book | |||||
| Riara University Library | Riara University Library | 19/10/2011 | Purchase | 11 | 2 | K3585K57 2004 | 839/11 | 22/08/2023 | 22/08/2023 | C.2 | 19/10/2011 | Book | |||||
| Riara University Library | Riara University Library | 19/10/2011 | Purchase | 7 | 2 | K3585K57 2004 | 840/11 | 23/05/2018 | 10/05/2018 | C.3 | 19/10/2011 | Book |
